Percepción interpersonal

Saved in:
Bibliografiske detaljer
Main Authors: Laing, Ronald D (Author), Phillipson, Herbert (Author), Lee, A. Russell (Author)
Format: Bog
Sprog:spansk
Udgivet: Buenos Aires Amorrortu 1973
Serier:Biblioteca de Psicología
Fag:
Tags: Tilføj Tag
Ingen Tags, Vær først til at tagge denne postø!

MARC

LEADER 00000nam a2200000 a 4500
001 UCS9081
003 CL-VaPUC
008 971113e19730000AG |||||||||||||||||spa|d
082 0 4 |a 153.7  |b LAI  |2 21 
100 0 |a Laing, Ronald D  |e author  |9 394067 
700 0 |a Phillipson, Herbert  |e author  |9 394068 
700 0 |a Lee, A. Russell  |e author  |9 394069 
245 1 0 |a Percepción interpersonal 
300 |a 187 p 
942 |c BK 
945 |d 19971113 00:00:00  |a jquezada 
260 |a Buenos Aires  |b Amorrortu  |c 1973 
650 0 |a Percepción   |9 266750 
650 7 |a PSICOLOGIA MODERNA  |2 CL-VaPUC  |9 394070 
650 7 |a METODO  |2 CL-VaPUC  |9 357004 
650 0 |a Relaciones humanas  |9 307340 
583 |a last modification  |c 19971113 00:00:00  |k Rodrigo Vera 
490 0 |a Biblioteca de Psicología 
999 |c 263137  |d 263135 
952 |0 0  |1 0  |4 0  |6 153_700000000000000_LAI_1973  |7 0  |8 A  |9 292238  |a BIBGIM  |b BIBGIM  |d 2019-11-19  |i 336321K  |o 153.7 LAI 1973  |p 336321K  |r 2025-01-15  |w 2019-11-19  |y BK  |k GIM